[Event "Rubinstein Memorial-C 55th"]
[Site "Polanica Zdroj"]
[Date "2019.08.20"]
[Round "4"]
[White "Kaliszuk, Kamil"]
[Black "Maslo, Slawomir"]
[Result "1-0"]
[WhiteElo "1853"]
[BlackElo "1687"]
[PlyCount "47"]
[EventDate "2019.08.17"]
[EventType "swiss"]
[EventRounds "9"]
[EventCountry "POL"]
[SourceTitle "EXT 2020"]
[Source "ChessBase"]
[SourceDate "2019.10.17"]
[SourceVersion "1"]
[SourceVersionDate "2019.10.17"]
[SourceQuality "1"]

1. e4 c6 2. d4 d5 3. exd5 cxd5 4. Bd3 Nc6 5. c3 Qc7 6. Ne2 Bg4 7. 0-0 Nf6 8. f3 Bd7 9. Bf4 e5 10. Bxe5 Nxe5 11. dxe5 Qxe5 12. Re1 0-0-0 13. Nd4 Qh5 14. Nd2 Bd6 15. Nf1 g5 16. Ng3 Qh4 17. Ndf5 Bxf5 18. Bxf5+ Kb8 19. Qd4 g4 20. Bxg4 Rhg8 21. Bh3 Bxg3 22. hxg3 Qxg3 23. Qxf6 Qxh3 24. Qxd8+ 1-0